Study of academic achievement of senior secondary school students in relation to self-efficacy, school competence and concept attainment (Record no. 10555)

MARC details
000 -LEADER
fixed length control field 00430nam a2200145Ia 4500
008 - FIXED-LENGTH DATA ELEMENTS--GENERAL INFORMATION
fixed length control field 230917s9999||||xx |||||||||||||| ||und||
040 ## - CATALOGING SOURCE
-- 5014345
Original cataloging agency VIVEKANANDA LIBRARY
041 ## - Language
-- English
082 ## - DDC NUMBER
Classification number 373.011 L517S
100 ## - MAIN ENTRY--PERSONAL NAME
Personal name Leena
245 #0 - TITLE STATEMENT
Title Study of academic achievement of senior secondary school students in relation to self-efficacy, school competence and concept attainment
260 ## - PUBLICATION, DISTRIBUTION, ETC. (IMPRINT)
Date of publication, distribution, etc 2022
300 ## - PHYSICAL DESCRIPTION
Pages 150 p.
942 ## - ADDED ENTRY ELEMENTS (KOHA)
Koha item type Books
Holdings
Withdrawn status Lost status Damaged status Not for loan Location (home branch) Sublocation or collection (holding branch) Date acquired Koha issues (times borrowed) Koha full call number Accession No. Koha date last seen Koha item type
        VIVEKANANDA LIBRARY VIVEKANANDA LIBRARY 24/11/2022   373.011 L517S 410025 17/09/2023 Books
© Designed and Maintained by Vivekananda Library, MDU Rohtak